Statistics for Closest Capital City to...

Click here to take the quiz!

General Stats

  • This quiz has been taken 36 times
  • The average score is 20 of 28

Answer Stats

Capital city AD (km)Capital City B% Correct
Tunis635Algiers
90%
London463Dublin
90%
Berlin355Copenhagen
87%
Abu Dhabi440Muscat
87%
Stockholm417Oslo
84%
Lisbon561Rabat
84%
Nicosia529Ankara
81%
Sofia296Bucharest
81%
Prague280Berlin
81%
Kuwait City556Baghdad
77%
Dublin1497Reykjavik
77%
Sarajevo198Belgrade
77%
Tegucigalpa239Managua
74%
Beijing1170Ulaanbaatar
74%
Bucharest357Chisinau
74%
Chisinau402Kiev
74%
San Jose511Panama City
71%
Managua339San Jose
71%
Baku536Tehran
65%
Bangkok537Phnom Penh
65%
Asmara687Khartoum
65%
Bandar Seri Begawan1902Dili
58%
Abuja892N'Djamena
58%
Bishkek954Astana
58%
Accra579Yamoussoukro
58%
Honiara1402Port Moresby
55%
Tehran669Ashgabat
55%
Mogadishu1343Victoria
45%

Score Distribution

Percentile by Number Answered

Percent of People with Each Score

Your Score History

You have not taken this quiz